| 000 | 00501pab a2200181 454500 | ||
|---|---|---|---|
| 008 | 180718b2013 xxu||||| |||| 00| 0 eng d | ||
| 100 | _aStewart, Mark G. | ||
| 245 | _aAviation security, risk assessment and risk aversion for public decision making | ||
| 260 | _c2013 | ||
| 300 | _ap.615-633. | ||
| 362 | _aSummer | ||
| 650 | _aDecision making | ||
| 650 | _aCivil aviation | ||
| 700 | _aMueller, John | ||
| 773 | _aJournal of Policy Analysis and Management | ||
| 908 | _aN | ||
| 909 | _a100799 | ||
| 999 |
_c100798 _d100798 |
||